Riconosci la Squadra di calcio - Quiz n°287 - Statistics

Statistiche generali
  • Questo quiz è stato fatto 2 volte
  • Il punteggio medio è 3 su 10
Statistiche sulle risposte
Indizio Risposta % Corretto
Colori sociali Blu, bianco
100%
Simboli Leone
100%
Titoli nazionali 1 Campionato inglese di seconda divisione1 Second Division
50%
Confederazione UEFA
50%
Trofei nazionali 0
0%
Trofei internazionali 0
0%
Fondazione 1885
0%
Capienza Stadio 19 734 posti
0%
Squadra Millwall
0%
Divisione nazionale 2023-2024 Seconda
0%
Nessun quiz corrispondente trovato
Distribuzione punteggi
Percentuale di utenti per punteggio
Percentile per numero di risposta
I tuoi punteggi nel tempo
Non hai fatto questo quiz